| 000 | 00683nam a2200229Ia 4500 | ||
|---|---|---|---|
| 005 | 20241129111103.0 | ||
| 008 | 241129s9999||||xx |||||||||||||| ||und|| | ||
| 020 | _a978-90-04-51224-5 | ||
| 037 | _aTB | ||
| 040 |
_aCRL _beng _cCRL |
||
| 041 |
_aeng _2eng |
||
| 084 |
_aP158:3 111R0 _qCRL |
||
| 100 |
_aKonnerth Linda Au. _9723285 |
||
| 245 | 0 |
_aGrammar of Karbi _cKonnerth Linda Au. |
|
| 260 |
_aBoston, UK _bBoston De Gruyter Mouton _c2020 |
||
| 300 | _axxix,664p. | ||
| 365 |
_aEURO _b178.95 |
||
| 490 | _aBrill's studies in south and southwest asian language | ||
| 650 |
_aAssamese Language _9723286 |
||
| 942 |
_cTB _hP158:3 111R0 |
||
| 999 |
_c1228870 _d1228870 |
||